000 00724nam a2200253 i 4500
001 bg
100 1 _aOLCHOWICZ, Irena.
245 1 0 _aPodstawy rachunkowości.
_nCz.2,
_pZadania i rozwiązania /
_cIrena Olchowicz.
250 _aWyd. 3.
260 _aWarszawa :
_b"Difin",
_c2001.
300 _a268 s. ;
_c23 cm.
490 1 _aVademecum Rachunkowości
650 9 _aRachunkowość
655 _aĆwiczenia i zadania
830 _aVademecum Rachunkowości
020 _a8372511993
040 _cBPK
041 0 _apl
080 _a657(076)
920 _a83-7251-199-3
942 _cKS
008 s pl f |000 0 pol
999 _c41544
_d41544
856 _uhttp://koha.tu.koszalin.pl/cgi-bin/koha/opac-detail.pl?biblionumber=41544
_yKatalog online BPK